2515-鈴鹿市(三重県)の駅 - Statistics

General Stats
  • This quiz has been taken 16 times
  • The average score is 10 of 18
Answer Stats
Answer % Correct
鈴鹿
100%
白子
82%
伊勢若松
82%
鈴鹿市
73%
平田町
73%
鈴鹿サーキット稲生
64%
三日市
55%
玉垣
55%
河曲
45%
加佐登
45%
鼓ヶ浦
45%
45%
磯山
36%
千代崎
36%
箕田
36%
長太ノ浦
36%
徳田
27%
中瀬古
27%
No matching quizzes found
Score Distribution
Percent of People with Each Score
Percentile by Number Answered
Your Score History
You have not taken this quiz